00458nam a2200157 i 450000100060000000300090000600500170001500700030003200800410003510000170007624500840009326000440017730000330022170000240025485200220027861489ES-MaACL20230906164452.0t|031112s1920 sp ||||1| spa d1 aFabre, J. H.10aCostumbres de los insectos / cJ.H. Fabre ; traducción por Felipe Villaverde. aMadrid : bCalpe, c1920 (fImp. Marzo) a319 p., 16 lám. ; c19 cm.1 aVillaverde, Felipe. aES-MaACLjF-10010